| 000 | 00943nas a2200313 4500 | ||
|---|---|---|---|
| 001 | BR0404781 | ||
| 003 | BR-BrBNA | ||
| 005 | 20231205104850.0 | ||
| 007 | ta | ||
| 008 | 230509b bl.|||p| |||| 00| 00por d | ||
| 040 |
_aBR-BrBNA _bpor _cBiblioteca Nacional de Agricultura |
||
| 041 | _a(Pt) | ||
| 072 | _aK50; E16; E10 | ||
| 100 | 1 | _aMinette, L.J. | |
| 100 | 1 | _aMoreira, F.M.T. | |
| 100 | 1 | _aSouza, A.P. de | |
| 100 | 1 | _aMachado, C.C. | |
| 100 | 1 | _aSilva, K.R. | |
| 245 | 1 | _aAnálise técnica e econômica do forwarder em três subsistemas de colheita de florestas de eucalipto | |
| 650 | _aEUCALIPTO | ||
| 650 | _aMADEIRA | ||
| 650 | _aCUSTO DE PRODUÇÃO | ||
| 650 | _aCUSTO OPERACIONAL | ||
| 650 | _aANÁLISE ECONÔMICA | ||
| 650 | _aSÃO PAULO | ||
| 773 | 0 |
_tRevista Árvore (Brazil) _xISSN 0100-6762 _g(Jan-Feb 2004), v. 28(1) p. 91-97 _wBR0404781 |
|
| 909 |
_a202311 _bLúcia _c55 _dLúcia Elande |
||
| 942 |
_2AGRIS _n0 _cANA |
||
| 999 |
_c180041 _d180041 |
||